Podmienky pre startup spoločnosti na Slovensku

Vyhodnotenie súčasného stavu startup prostredia na Slovensku a návrh zmien v ekonomicko-legislatívnej činnosti, ktoré prispievajú k tvorbe optimálnejších podmienok na takúto formu podnikateľskej činnosti.

Uložené v:
Podrobná bibliografia
Hlavný autor: Chovancová, Božena
Ďalší autori: Bukoven, Ján, 1960-
Médium: Kapitola
Jazyk:Slovak
Predmet:
Tagy: Pridať tag
Žiadne tagy, Buďte prvý, kto otaguje tento záznam!

MARC

LEADER 00000naa a2200000 4500
001 0238700
005 20240502073849.3
041 0 |a slo 
044 |a SK 
245 1 0 |a Podmienky pre startup spoločnosti na Slovensku  |c Božena Chovancová, Ján Bukoven 
520 |a Vyhodnotenie súčasného stavu startup prostredia na Slovensku a návrh zmien v ekonomicko-legislatívnej činnosti, ktoré prispievajú k tvorbe optimálnejších podmienok na takúto formu podnikateľskej činnosti. 
610 2 0 |a start-up 
610 2 0 |a prostredie podnikateľské 
610 2 0 |a Slovensko 
610 2 0 |a obchodní anjeli 
610 2 0 |a kapitál rizikový 
100 1 |a Chovancová, Božena 
700 1 |a Bukoven, Ján, 1960-